Actuarial software Prophet and its using in life insurance

Vývoj a význam softvéru Prophet. Produkty softvéru Prophet. Prophet ako aktuársky softvér. Pracovné prostredie softvéru Prophet.

Guardado en:
Detalles Bibliográficos
Autor principal: Šoltésová, Tatiana, 1975-
Otros Autores: Hájek, Tomáš
Formato: Capítulo de libro
Lenguaje:eslovaco
Materias:
Etiquetas: Agregar Etiqueta
Sin Etiquetas, Sea el primero en etiquetar este registro!

MARC

LEADER 00000nla a2200000 4500
001 0236854
005 20240502073828.6
041 0 |a slo 
044 |a SK 
245 1 0 |a Actuarial software Prophet and its using in life insurance  |c Tatiana Šoltésová, Tomáš Hájek 
520 |a Vývoj a význam softvéru Prophet. Produkty softvéru Prophet. Prophet ako aktuársky softvér. Pracovné prostredie softvéru Prophet. 
610 2 0 |a matematika poistná 
610 2 0 |a aktuári 
610 2 0 |a softvér 
610 2 0 |a poistenie životné 
610 2 0 |a modelovanie 
100 1 |a Šoltésová, Tatiana, 1975- 
700 1 |a Hájek, Tomáš